Catálogo

TEORIA DEL ESTADO (Registro nro. 35006)

Detalles MARC
000 -LEADER
fixed length control field 00423nam a2200169 a 4500
001 - CONTROL NUMBER
control field 35006
005 - DATE AND TIME OF LATEST TRANSACTION
control field 20180714003241.0
008 - FIXED-LENGTH DATA ELEMENTS--GENERAL INFORMATION
fixed length control field 140415s1966 000 0 spa d
041 ## - LANGUAGE CODE
Language code of text/sound track or separate title spa
082 ## - DEWEY DECIMAL CLASSIFICATION NUMBER
Classification number 320.1
Item number POR
100 1# - MAIN ENTRY--PERSONAL NAME
Personal name PORRUA PEREZ, FRANCISCO
245 10 - TITLE STATEMENT
Title TEORIA DEL ESTADO
250 ## - EDITION STATEMENT
Edition statement 4a ed.
260 ## - PUBLICATION, DISTRIBUTION, ETC.
Place of publication, distribution, etc. [s.l.] :
Name of publisher, distributor, etc. PORRUA,
Date of publication, distribution, etc. 1966
300 ## - PHYSICAL DESCRIPTION
Extent 493
650 14 - SUBJECT ADDED ENTRY--TOPICAL TERM
Topical term or geographic name entry element CIENCIAS POLITICAS
General subdivision ESTADO
Existencias
Withdrawn status Lost status Source of classification or shelving scheme Damaged status Not for loan Collection code Home library Current library Shelving location Date acquired Source of acquisition Inventory number Total Checkouts Full call number Barcode Date last seen Date last checked out Price effective from Koha item type
    Dewey Decimal Classification     General Biblioteca Karol Wojtyla Biblioteca Karol Wojtyla Sala general 03/12/2013 Compra 151000000000000000056209 1 320.1 POR 52936 05/01/2026 14/03/2022 03/12/2013 Libro